000 00410nam a2200169Ia 4500
003 LK-CoDNM
008 010623t1923 xxu||||| |||| 00| 1 sin d
040 _aLK-CoDNM
_dLK-CoDNM
_eLK-CoDNM
041 _asin
080 _a104 B 4
245 _aසකුන්තලා
246 _aSakuntala
260 _bLaksilumina
_aBorella
_c1923
300 _b13p, 21 cm
650 _aSanskrit Literature
942 _cBK
999 _c91951
_d91951